Sampling : (Record no. 28903)
[ view plain ]
| 000 -LEADER | |
|---|---|
| fixed length control field | 01594cam a22003255i 4500 |
| 001 - CONTROL NUMBER | |
| control field | 15933558 |
| 003 - CONTROL NUMBER IDENTIFIER | |
| control field | EG-ScBUE |
| 005 - DATE AND TIME OF LATEST TRANSACTION | |
| control field | 20201012132148.0 |
| 008 - FIXED-LENGTH DATA ELEMENTS--GENERAL INFORMATION | |
| fixed length control field | 091006t20102010maua f b 001 0 eng d |
| 020 ## - INTERNATIONAL STANDARD BOOK NUMBER | |
| International Standard Book Number | 9780495110842 (pbk., intl ed.) |
| 020 ## - INTERNATIONAL STANDARD BOOK NUMBER | |
| International Standard Book Number | 0495110841 (pbk., intl ed.) |
| 035 ## - SYSTEM CONTROL NUMBER | |
| System control number | (OCoLC)ocn433453665 |
| 040 ## - CATALOGING SOURCE | |
| Original cataloging agency | LGG |
| Language of cataloging | eng |
| Description conventions | rda |
| Transcribing agency | LGG |
| Modifying agency | NDD |
| -- | FDA |
| -- | YDXCP |
| -- | BTCTA |
| -- | Y6I |
| -- | HEBIS |
| -- | DLC |
| -- | EG-ScBUE |
| 082 04 - DEWEY DECIMAL CLASSIFICATION NUMBER | |
| Classification number | 519.52 |
| Item number | LOH |
| Edition number | 22 |
| 100 1# - MAIN ENTRY--PERSONAL NAME | |
| Personal name | Lohr, Sharon L., |
| Dates associated with a name | 1960- |
| Relator term | author. |
| 245 10 - TITLE STATEMENT | |
| Title | Sampling : |
| Remainder of title | design and analysis / |
| Statement of responsibility, etc | Sharon L. Lohr, Arizona State University. |
| 250 ## - EDITION STATEMENT | |
| Edition statement | Second edition. |
| 250 ## - EDITION STATEMENT | |
| Edition statement | International edition. |
| 264 #1 - PUBLICATION, DISTRIBUTION, ETC. (IMPRINT) | |
| Place of publication, distribution, etc | Boston, MA : |
| Name of publisher, distributor, etc | Brooks/COLE / Cengage Learning, |
| Date of publication, distribution, etc | [2010] |
| 264 #4 - PUBLICATION, DISTRIBUTION, ETC. (IMPRINT) | |
| Date of publication, distribution, etc | c2010 |
| 300 ## - PHYSICAL DESCRIPTION | |
| Extent | xi, 596 pages : |
| Other physical details | illustrations ; |
| Dimensions | 25 cm |
| 336 ## - CONTENT TYPE | |
| Content type term | text |
| Content type code | txt |
| Source | rdacontent |
| 337 ## - MEDIA TYPE | |
| Media type term | unmediated |
| Media type code | n |
| Source | rdamedia |
| 338 ## - CARRIER TYPE | |
| Carrier type term | volume |
| Carrier type code | nc |
| Source | rdacarrier |
| 504 ## - BIBLIOGRAPHY, ETC. NOTE | |
| Bibliography, etc | Includes bibliographical references and indexes. |
| 505 0# - FORMATTED CONTENTS NOTE | |
| Formatted contents note | Introduction -- Simple probability samples -- Stratified sampling -- Ratio and regression estimation -- Cluster sampling with equal probabilities -- Sampling with unequal probabilities -- Complex surveys -- Nonresponse -- Variance estimation in complex surveys -- Categorical data analysis in complex surveys -- Regression with complex survey data -- Two-phase sampling -- Estimating population size -- Rare populations and small area estimation -- Survey quality -- Probability concepts used in sampling. |
| 650 #7 - SUBJECT ADDED ENTRY--TOPICAL TERM | |
| Topical term or geographic name as entry element | Sampling (Statistics) |
| Source of heading or term | BUEsh |
| 653 ## - INDEX TERM--UNCONTROLLED | |
| Resource For college | Engineering, General |
| Arrived date list | October2020 |
| 942 ## - ADDED ENTRY ELEMENTS (KOHA) | |
| Source of classification or shelving scheme | Dewey Decimal Classification |
| Koha item type | Book - Borrowing |
| Withdrawn status | Lost status | Source of classification or shelving scheme | Damaged status | Not for loan | Collection code | Home library | Current library | Shelving location | Date acquired | Source of acquisition | Total Checkouts | Full call number | Barcode | Date last seen | Price effective from | Koha item type |
|---|---|---|---|---|---|---|---|---|---|---|---|---|---|---|---|---|
| Dewey Decimal Classification | unknown | Central Library | Central Library | First floor | 12/10/2020 | Purchase | 519.52 LOH | 000049928 | 15/07/2025 | 12/10/2020 | Book - Borrowing |